000 01274nam a2200241 i 4500
001 161123
003 ES-MaACL
005 20250822063217.0
008 980630s1847 sp |||| | spa d
100 1 _aOrtolan, Joseph Louis Elzéar,
_d1802-1873
_9130724
245 1 0 _aEsplicación [sic] histórica de las instituciones del emperador Justiniano
_b: con el texto de ellas, la traducción al lado y las explicaciones a continuación de cada párrafo : precedida de una generalización del derecho romano ... /
_cpor M. Ortolan ... ; traducida de la tercera edición por Francisco Pérez de Anaya.
246 3 _aExplicación histórica de las instituciones del emperador Justiniano
260 _aMadrid :
_b[s.n.],
_c1847 (
_fEst. tip. de Ramón Rodríguez de Rivera)
300 _a2 v. (1012 ; 898 p.) ;
_c22 cm.
490 1 _aBiblioteca de Jurisprudencia y Legislación
630 0 7 _aCorpus juris civilis.
_pInstitutiones
_2
_9135271
650 4 _aDerecho romano-
_xInterpretación.
_9162218
700 1 _aPérez de Anaya, Francisco.
_990754
830 0 _aBiblioteca de Jurisprudencia y Legislación
_9187709
852 _aES-MaACL
_jC-3254-55
_z- Enc. hol.
852 _aES-MaACL
_jD-399-400
_z- Enc. hol.
_z. - Legado Charro Hidalgo
999 _c161123
_d161123